|
|
|
|
| LEADER |
00619nab a2200181 i 4500 |
| 001 |
misc73048 |
| 005 |
20231004143324.0 |
| 008 |
231004s2000 hu o 000 eng d |
| 040 |
|
|
|a SZTE Miscellanea Repozitórium
|b hun
|
| 041 |
|
|
|a eng
|
| 100 |
1 |
|
|a Kyle Robert A.
|
| 245 |
1 |
0 |
|a Albert Szent-Györgyi – Nobel laureate
|h [elektronikus dokumentum] /
|c Kyle Robert A.
|
| 260 |
|
|
|c 2000-07
|
| 300 |
|
|
|a 722
|
| 490 |
0 |
|
|a Mayo Clinic Proceedings
|v 75 No. 7
|
| 561 |
|
|
|a Szent-Györgyi Albertről szóló irodalom
|
| 700 |
0 |
1 |
|a Shampo Marc A.
|e aut
|
| 856 |
4 |
0 |
|u http://misc.bibl.u-szeged.hu/73048/1/szgya_2000_003.pdf
|z Dokumentum-elérés
|